Statistics for Top 10 States with Highest Crime Rate

Click here to take the quiz!

General Stats

  • This quiz has been taken 215 times
  • The average score is 7 of 10

Answer Stats

Rate per 100k Answer % Correct
540.5Florida
86%
514.7Louisiana
78%
635.6Nevada
72%
597.4New Mexico
72%
635.8Alaska
71%
608.4Tennessee
69%
497.7South Carolina
68%
446.1Maryland
66%
480.1Arkansas
63%
489.1Delaware
54%

Score Distribution

Percentile by Number Answered

Percent of People with Each Score

Your Score History

You have not taken this quiz